Podmienky plnenia kritérií Národnej ceny za kvalitu (The criteria condition of National Quality Award of the Slo-vak Republic)[CD-ROM] : bakalárska práca

Salvato in:
Dettagli Bibliografici
Autore principale: Mariňáková, Juliána, 1987- (Autore)
Altri autori: Hekelová, Edita, 1954- (xxx)
Natura: Manoscritto Libro
Lingua:slovacco
Pubblicazione: Bratislava : STU v Bratislave SjF, 2009
Edizione:1.vyd
Soggetti:
Tags: Aggiungi Tag
Nessun Tag, puoi essere il primo ad aggiungerne!!

MARC

LEADER 00000ntm a22000003a 4500
001 stu198544
005 20150617230036.8
008 100120s2009----xo------------------slo-d
040 |a STU  |b slo 
041 0 |a slo 
044 |a xo 
100 1 |a Mariňáková, Juliána,  |d 1987-  |4 aut  |u J0070  |9 100  |U SjF Strojnícka fakulta  |T SjF Ústav výrobných systémov, enviromentálnej techniky a manažment kvality  |X 41094  |U J0070  |Y 804  |7 41094 
245 1 |a Podmienky plnenia kritérií Národnej ceny za kvalitu (The criteria condition of National Quality Award of the Slo-vak Republic)[CD-ROM] :  |b bakalárska práca 
250 |a 1.vyd 
260 |a Bratislava :  |b STU v Bratislave SjF,  |c 2009 
300 |a 40 s 
650 7 |a Národná cena  |2 stusub 
650 7 |a systém manažérstva kvality  |2 stusub 
650 7 |a National Award  |2 estusub 
650 7 |a criteria of competition  |2 estusub 
700 1 |a Hekelová, Edita,  |d 1954-  |4 xxx  |u J0070  |U SjF Strojnícka fakulta  |T SjF Ústav výrobných systémov, enviromentálnej techniky a manažment kvality  |X 2429  |U J0070  |Y 804  |7 A000002429 
996 |b 284J035849  |c J*459/BP  |l JJSK  |s A  |a 24  |w stu198544_0001